| 000 | 01153cam a22003377a 4500 | ||
|---|---|---|---|
| 003 | CHAP | ||
| 005 | 20220329135428.0 | ||
| 008 | 971013s r 00010 d | ||
| 010 | _a36326 | ||
| 011 | _a37298 | ||
| 035 | _a41417 | ||
| 040 | _cCHAP | ||
| 090 | _aR-2405Y | ||
| 100 | 0 | 0 |
_aOrozco-Segovia, Alma D. L. _983720 |
| 245 | 1 | 3 | _aEl marceño en las regiones inundables de Tabasco, México |
| 500 | _aFotocopia | ||
| 500 | _aSobretiro de : Symposium : Mexican Agroecosystems, Past and Present XLIII Internacional Congress of Americanist, Vancouver. Canada | ||
| 590 |
_aBATCH-UPD _b10 _c20130110 _lUCH01 _h0057 |
||
| 590 |
_aBATCH-UPD _b10 _c20130110 _lUCH01 _h1140 |
||
| 590 |
_aBATCH-UPD _b10 _c20130410 _lUCH01 _h0726 |
||
| 590 |
_aBATCH-UPD _b10 _c20130913 _lUCH01 _h2245 |
||
| 590 |
_aCONVERSION _b10 _c20130109 _lUCH01 _h1320 |
||
| 650 | 1 | 4 |
_aAgricultura _xTabasco. _91830 |
| 650 | 1 | 4 |
_aMaíz _xTabasco. _971065 |
| 650 | 1 | 4 |
_aMayas _xAgricultura. _973210 |
| 700 | 0 |
_aGliessman, Stephen R. _948282 |
|
| 901 | _aBK | ||
| 942 | _cFOLL | ||
| 949 |
_aR-2405Y _bBC _cR _d-94785 _eTS1 _i41417 _si |
||
| 949 |
_aR-2405Y _bBC _cR _d-94787 _eTS2 _fc.2 _i41417 _si |
||
| 999 |
_c36326 _d36326 |
||